Insulation Qualities - Statistics

General Stats
  • This quiz has been taken 11 times
  • The average score is 2 of 148
Answer Stats
Hint Answer % Correct
Fibre Glass Pre-Formed Got it!
100%
-One Piece, Section or Segmental? One piece and Sectional
50%
-Thermal Conductivity at 50F? 0.35 btu
0%
-Thickness 0.5 (-) 4"
0%
-Sizes? 0.5" x 60" x 25 Yards
0%
-Maximum Temperature? 1000F
0%
-Maximum Temperature? 1000F
0%
-In What Ratio is the Spray Pack? 1:1
0%
-Assuming 1" Thickness, How Deep Should the V-Grooves Be? 1 1/4"
0%
-Thickness? 1 (-) 1.5 (-) 2"
0%
Thickness? 1/2" (-) 2"
0%
-Thickness? 1/2" (-) 2"
0%
-Sizes on Flat Blocks? 12" x 18", 18" x 24"
0%
-Roll Form Comes in What Size? 1/2" x 48" x 50'
0%
-Thickness? 1" (-) 4"
0%
-Thickness on Flat Blocks to Respective Sizes? 1.5" (-) 4", 2" (-) 4"
0%
-Density? 1.5 lbs
0%
-Density Type 1? 1.5 lbs
0%
-Roll Form Comes in What Size? 1.5" x 48" x 25'
0%
-Pins Should be Spaced How Far Apart? 16"
0%
-Density? 1.6 (-) 2 lbs
0%
-Density? 1.6 (-) 7 lbs
0%
-Flat Material Comes in Thicknesses? 1/8" (-) 1"
0%
-Roll Form Comes in What Size? 1" x 48" x 35'
0%
-Sizes? 1" x 60" x 15 Yards
0%
-Sizes on Pipe Covering? 24"
0%
-Temperature Range with Vapour Barrier Jacketing? 250F
0%
-Maximum Temperature? 250F
0%
-Maximum Temperature? 250F
0%
-Density Type 2? 2.5 lbs
0%
-Self Adhesive Tape Comes in? 2" x 1/8"
0%
-Sizes? 2" x 4"
0%
-Sizes? 2' x 4'
0%
-Temperature Range? -330F (-) 200F
0%
-Thickness? 3/4" (-) 4"
0%
-Density? 3 (-) 4.5 lbs
0%
-Roll Form Comes in What Size? 3/4" x 48" x 50'
0%
-Temperature Range? 350F
0%
-Density? 3.5 lbs
0%
-Wall Thicknesses up to? 3/8", 1/2", 3/4"
0%
-Flat Material Comes in? 3' x 4'
0%
-Thickness? 4"
0%
-Temperature Range? -40F (-) 220F
0%
-Temperature Range? 450F (-) 1000F
0%
-Temperature Range? -450F (-) 900F
0%
-Sizes for IP (Up to)? 5"
0%
-Copper Tube Sizes 5 / 8" (-) 6 1/8"
0%
-Iron Pipe Sizes .5" IP to 30" IP
0%
-Maximum Velocity of Ducts to be Used on? 6000 fpm
0%
-Maxiumum Velocity of Ducts to be Used on? 6400 fpm
0%
-Available in What Lengths? 72"
0%
-Density? 7.5 lbs
0%
-Flexural Strength? 80 lbs
0%
-Temperature Range? 850F
0%
-Density? 8 lbs
0%
-Extruded Foam Plastics is Known as? Armaflex
0%
-Adhesive to Use? Armstrong 520
0%
-Comes in Which Form? Board
0%
-Available in? Board, Sectional Pipe Covering
0%
-Type 2 Used on? Boilers and Vessels
0%
-Where should the lap be? Bottom
0%
-Covered in Indoor Applications With? Cements and Canvas
0%
-How to Calculate Required Length? Circumference + 2(T)3.14 + 3"
0%
-How to Calculate Length Required? Circumference + 2(T))3.14 + Lap
0%
-Used to Prevent? Condensation
0%
-Jacketed Material Secured in Place With? Contact Adhesive
0%
-Armstrong 520 is What Kind of Adhesive? Contact Adhesive
0%
-Used on? Cooler and Freezer Applications
0%
-How to Seal? Cut out 3" of glass fibre
0%
-Used for Hot or Cold.... Ductwork
0%
-Secured How? Filament Tape, Bands
0%
-Secured With? Foil Skrim Kraft Tape
0%
-Vapour Barrier? Foil Skrim Kraft Tape
0%
-Secured on a Concealed Duct With? Foil Tape or Wire
0%
-What PPE Should be Especially Worn? Glasses
0%
Next: Fibre Glass Wrap Around Got it!
0%
Next: Fibre Glass Equipment Board Got it!
0%
Next: Fibre Glass Rigid Duct Exterior Got it!
0%
Next: Fibre Glass Flexible Duct Got it!
0%
Next: Fibre Glass Rigid Thermal and Acoustic Duct Got it!
0%
Next: Fibre Glass Thermal and Acoustic Duct Got it!
0%
Next: Fibre Glass Flexible Batt Insulation Got it!
0%
Next: Temp-Matt Got it!
0%
Next: Foam Glass Got it!
0%
Next: Polystyrenes Got it!
0%
Next: Polyurethane Got it!
0%
Next: Extruded Foam Plastics Got it!
0%
-Used on? Heated industrial Equipment
0%
-What Must be Kept Under 350F? Hot Tar
0%
-Used for? Inside Indoor Ventilation Ducts
0%
-What is Applied over the Metal Mesh Blanket? Insulating Cements, Metal Jacketing
0%
-What are Spray Packs Used for? Irregular Surfaces
0%
-What are the 2 Components of Polystyrene Spray? Isocynates and Resins
0%
-Type 1 Used on? Lightweight Insulation onto Irregular Surfaces
0%
-Standard Colour, Subject to Change? Light Yellow
0%
-Attached to Flat Surfaces, Walls Using? Mechanical Fasterner, Mastic Adhesives
0%
-Used on? (e.x. Plumbing, Heating, AC, Dual Temperatured e.t.c.) Mechanical Systems
0%
-What is Used to Clean Armstrong 520? MEK
0%
-Metal Lath and Hexagon Wire Enveloping AW Wool Type 2 is Called? Metal Mesh Blancket
0%
-Coated for Fibre Erosion Prevention With What? Neoprene
0%
-Will it Initiate Stress Corrosion? No
0%
-Applied Over Exterior of the Duct With? Non-contact Adhesive
0%
-When Using the 50% Coverage Method, What Item is Used? Notched Trowel
0%
-Applied over? Pins
0%
-Used on? Piping and Equipment
0%
-Application on Exposed Indoor Canvas? PVC or Metal Jacketing
0%
-Used on Cold or Dual Temperatured....? Rectangular Ducts
0%
-On High Velocities, What Should be Installed onto Joints? Reinforcing Fabric
0%
-Supplied in? Rolls
0%
-Comes in Which Form? Rolls
0%
-Used on? Round or Irregular Ducts
0%
-Application of Material on Curved Surfaces? Scored or Cut into Lags
0%
-Method to Carve Around Curved Ducts? Score Material
0%
-Available in Pipe Covering, Flat Sheets, Rolls and what? Self Adhesive Tape
0%
-What Important Tool is Used to Cut Armaflex? Sharp, Thin, Knife
0%
-What is Used to Hold Polystyrene Board Into Place? Skewers, Fibrous Adhesive
0%
-I know it as? Sponge Rubber
0%
-Also Known as? TempWrap
0%
-When Installing Metal Mesh Blanket on a Vessel, You Start at the... Top
0%
-What Will Break Down Polystyrenes other than Solvents and Coal? UV Rays
0%
-Breaks in Vapour Barrier Sealed With? Vapour Barrier Tape
0%
-Density? Varying
0%
-Method to Carve Around Corners? V-Groove
0%
-If Applied onto Conrete, What Material Should be Used? Wall Anchors
0%
-Installation on Flat Surfaces? Welded Pins
0%
-Method of Attachment? Welded Pins
0%
-Held into Place With? Welded pins, Clips, Non-contact Adhesive
0%
-Armstrong 520 is Available in What Colours? White or Grey
0%
-How to Seal? Wire or Bands
0%
-Installation on Curved Surfaces? Wire or Bands
0%
-Outdoor Weatherproof Jacket? Yes
0%
-Outdoor Weather Proof Finish? Yes
0%
-Covered in Outdoor with Weather Proof Jacketing? Yes
0%
-Vapour Barrier Facing? Yes
0%
-Available in Lightweight or Heavyduty Board? Yes
0%
-Excellent Acoustic Properties? Yes
0%
--Completely Coated or with Strips on 12" Centres Covering 50%? Yes
0%
-All Clips and Joints Sealed to Prevent Erosion? Yes
0%
-Black Fire Resistant Coating Facing Airstream? Yes
0%
-Use Fire Resistant Adhesive if Pin Welding Isn't Complete? Yes
0%
-Used on Turbines, Nuclear, and Industrial Applications? Yes
0%
-Can be Used on Stainless Steel? Yes
0%
-Closed Cell, Incombustible, Impermeable, Fire Reducing Material? Yes
0%
-Low Moisture Permeability? Yes
0%
-Protective Surfaces to be Used on Indoor/Outdoor Applications? Yes
0%
-Is a Closed Cell Rigid Plastic Foam Material? Yes
0%
-Joints Should be Tight and Sealed With Vapour Barrier Adhesive? Yes
0%
-Closed Cell Material if all Joints are Sealed? Yes
0%
No matching quizzes found
Score Distribution
Percent of People with Each Score
Percentile by Number Answered
Your Score History
You have not taken this quiz